• 首页
  • 本馆介绍
  • 公告通知
  • 最新文献
  • 馆藏检索
  • 电子资源
  • 读者导购
  • 参考咨询
  • 我的图书馆
  • 登录
  • 详细信息显示
  • 放入我的书架
  • 预约/预借图书
  • 作者相关作品
  • 分类相关作品
  • 丛书相关作品
  • 出版社相关作品

书目信息

  • 表格格式
  • 工作单格式
  • 卡片格式
题名:
韩国
    
 
作者: 刘鹏辉 , 郑信哲 主编
分册:  
出版信息: 北京   世界知识出版社  1995.1
页数: 278页
开本: 32开
丛书名:
单 册:
中图分类: K312.6
科图分类:
主题词: 东亚--历史
电子资源:
ISBN: 7-5012-0626-0
000 00654nam0 2200217 45
001 0103191069
005 20031219104048.9
010    @a7-5012-0626-0@dCNY11.00
100    @a20010319d1995 km y0chiy0120 ea
101 0  @achi
105    @a z 000yy
200 1  @a韩国@AHan Guo@e雾幕后的国家@EWu Mu Hou De Guo Jia@f刘鹏辉,郑信哲主编@FLiu Peng Hui,Zheng Xin Zhe Zhu Bian
210    @a北京@c世界知识出版社@d1995.1
215    @a278页@d32开
517    @a雾幕后的国家@AWu Mu Hou De Guo Jia
606 0  @a东亚@x历史
690    @aK312.6@v1
701  0 @a刘鹏辉@4主编
701  0 @a郑信哲@4主编
801    @aCN@bTSTC@c20010319
905    @b295655-656@dK312.6@e4@f2
    
    韩国:雾幕后的国家/刘鹏辉,郑信哲主编.-北京:世界知识出版社,1995.1
    278页;32开
    
    
    ISBN 7-5012-0626-0:CNY11.00
    
●
相关链接 在E读中查询图书 在五车中查询图书 在当当中查询图书 在豆瓣中查询图书


正题名:韩国     索取号:K312.6/4         预约/预借

序号 登录号 条形码 馆藏地/架位号 状态 备注
1 0295655   002956554   第二借阅区/ [索取号:K312.6/4] 在馆    
2 0295656   002956563   第二样本阅览室/ [索取号:K312.6/4] 在馆    
唐山师范学院图书馆 欢迎您!
大连网信软件有限公司© 版权所有